[Event "European Blitz Championship 2021"]
[Site "Katowice"]
[Date "2021.12.17"]
[Round "4.26"]
[White "Seemann, Jakub"]
[Black "Reimanis, Ritvars"]
[Result "1-0"]
[WhiteElo "2296"]
[BlackElo "2397"]
[Annotator "RC"]
[PlyCount "22"]
[EventDate "2021.12.17"]
[EventType "swiss"]
[EventCountry "POL"]
[SourceTitle "playchess.com"]
[Source "ChessBase"]
[SourceQuality "1"]

1. d4 Nf6 2. c4 e6 3. Nf3 d5 4. g3 Be7 5. Bg2 O-O 6. O-O dxc4 7. Qc2 b5 8. a4
b4 9. Nfd2 c6 10. Nxc4 Qxd4 11. Be3 Qd8 1-0

[Event "European Blitz Championship 2021"]
[Site "Katowice"]
[Date "2021.12.17"]
[Round "4.26"]
[White "Sharankov, Grigory"]
[Black "Gorkiewicz, Mateusz"]
[Result "0-1"]
[WhiteElo "2238"]
[BlackElo "2028"]
[Annotator "NA"]
[PlyCount "64"]
[EventDate "2021.12.17"]
[EventType "swiss"]
[EventCountry "POL"]
[SourceTitle "playchess.com"]
[Source "ChessBase"]
[SourceQuality "1"]

1. d4 d5 2. c4 e6 3. Nc3 Nf6 4. cxd5 exd5 5. Bg5 Be6 6. e3 Nbd7 7. Nge2 h6 8.
Bh4 Be7 9. Nf4 O-O 10. Bd3 a6 11. O-O c5 12. Rc1 b5 13. dxc5 Nxc5 14. Bb1 g5
15. Nxe6 Nxe6 16. Bg3 d4 17. exd4 Qxd4 18. Qc2 Rac8 19. Rfd1 Qb6 20. Be5 Rfd8
21. Bxf6 Bxf6 22. Qh7+ Kf8 23. Rxd8+ Rxd8 24. Qxh6+ Bg7 25. Qh7 Qd4 26. Qc2 b4
27. Rd1 Qf6 28. Rxd8+ Qxd8 29. Ne4 a5 30. g3 Nd4 31. Qc5+ Kg8 32. Qxg5 Nf3+ 0-1

[Event "European Blitz Championship 2021"]
[Site "Katowice"]
[Date "2021.12.17"]
[Round "4.28"]
[White "Walter, Szymon"]
[Black "Kozlowski, Michal"]
[Result "1-0"]
[WhiteElo "2277"]
[BlackElo "2047"]
[Annotator "ChessBase"]
[PlyCount "73"]
[EventDate "2021.12.17"]
[EventType "swiss"]
[EventCountry "POL"]
[SourceTitle "playchess.com"]
[Source "ChessBase"]
[SourceQuality "1"]

1. e4 c5 2. Nc3 Nc6 3. f4 g6 4. Nf3 Bg7 5. Bb5 Nd4 6. O-O Nxb5 7. Nxb5 a6 8.
Nc3 d6 9. d3 e6 10. Ne2 Ne7 11. Ng3 Rb8 12. Qe2 O-O 13. h4 b5 14. h5 Bb7 15.
Ng5 h6 16. Nh3 Nc6 17. Qg4 Kh7 18. c3 Bc8 19. Bd2 Qe8 20. Rae1 f5 21. Qf3 Ne7
22. Nf2 d5 23. e5 b4 24. d4 cxd4 25. cxb4 a5 26. a3 Ba6 27. Nd3 Qb5 28. Nc5 Bc8
29. Ne2 Nc6 30. hxg6+ Kxg6 31. Nd3 axb4 32. Nxb4 Nxb4 33. Bxb4 Rf7 34. Nxd4 Qc4
35. Rd1 Ba6 36. Nxe6 Qxf1+ 37. Rxf1 1-0

[Event "European Blitz Championship 2021"]
[Site "Katowice"]
[Date "2021.12.17"]
[Round "4.28"]
[White "Kubicka, Anna"]
[Black "Dragnev, Valentin"]
[Result "0-1"]
[WhiteElo "2273"]
[BlackElo "2548"]
[Annotator "RC"]
[PlyCount "99"]
[EventDate "2021.12.17"]
[EventType "swiss"]
[EventCountry "POL"]
[SourceTitle "playchess.com"]
[Source "ChessBase"]
[SourceQuality "1"]

1. e4 d5 2. exd5 Qxd5 3. Nc3 Qa5 4. g3 Nf6 5. Bg2 Nc6 6. Nge2 g6 7. O-O Bg7 8.
h3 e5 9. d4 exd4 10. Nxd4 Nxd4 11. Qxd4 O-O 12. Qh4 c6 13. Bh6 Bf5 14. Bxg7
Kxg7 15. Rac1 Rfe8 16. g4 Be6 17. f4 Qb6+ 18. Kh1 Qxb2 19. Ne4 Nxe4 20. Bxe4
Bc4 21. Bd3 Bxd3 22. cxd3 Re2 23. Qg3 Qxa2 24. f5 Rae8 25. fxg6 hxg6 26. Rf3
Qd5 27. Kg1 Qd4+ 28. Kh1 R8e3 29. Rcf1 Rxf3 30. Qxf3 Qd5 31. Qxd5 cxd5 32. Rb1
b6 33. Ra1 Re3 34. Kg2 a5 35. Rb1 Rxd3 36. Rxb6 a4 37. Ra6 a3 38. h4 Rb3 39. g5
d4 40. Ra7 d3 41. Kf3 d2+ 42. Ke2 Rh3 43. Kxd2 a2 44. Kc2 Rxh4 45. Rxa2 Rh2+
46. Kb3 Rxa2 47. Kxa2 Kf8 48. Kb3 Ke7 49. Kc4 Ke6 50. Kd4 0-1

[Event "European Blitz Championship 2021"]
[Site "Katowice"]
[Date "2021.12.17"]
[Round "4.29"]
[White "Papasimakopoulos, Alexandros"]
[Black "Musial, Tomasz"]
[Result "1-0"]
[WhiteElo "2394"]
[BlackElo "2111"]
[Annotator "RC"]
[PlyCount "45"]
[EventDate "2021.12.17"]
[EventType "swiss"]
[EventCountry "POL"]
[SourceTitle "playchess.com"]
[Source "ChessBase"]
[SourceQuality "1"]

1. d4 e6 2. c4 Nf6 3. Nc3 Bb4 4. Qc2 O-O 5. a3 Bxc3+ 6. Qxc3 d6 7. f3 Nbd7 8.
e4 e5 9. Be3 Qe7 10. Bd3 a5 11. Ne2 a4 12. O-O exd4 13. Nxd4 Nc5 14. Bc2 Bd7
15. Rad1 Ra6 16. Rfe1 Rb6 17. Bf2 Qe5 18. Bg3 Qh5 19. e5 Ne8 20. Rd2 Ne6 21.
exd6 cxd6 22. Nf5 Ng5 23. Rxe8 1-0

[Event "European Blitz Championship 2021"]
[Site "Katowice"]
[Date "2021.12.17"]
[Round "4.29"]
[White "Rahnama, Matin"]
[Black "Zakrzewski, Marek"]
[Result "0-1"]
[WhiteElo "1780"]
[BlackElo "2279"]
[Annotator "NA"]
[PlyCount "64"]
[EventDate "2021.12.17"]
[EventType "swiss"]
[EventCountry "POL"]
[SourceTitle "playchess.com"]
[Source "ChessBase"]
[SourceQuality "1"]

1. e4 c5 2. Nf3 e6 3. c3 d5 4. exd5 Qxd5 5. d4 Nf6 6. Bb5+ Bd7 7. Bxd7+ Nbxd7
8. O-O Be7 9. Na3 O-O 10. Re1 Rfd8 11. c4 Qc6 12. Bg5 cxd4 13. Nxd4 Qc5 14. Be3
Nf8 15. Nb3 Qf5 16. Qc2 Qxc2 17. Nxc2 b6 18. Ncd4 Rac8 19. Rac1 Ng4 20. h3 Nxe3
21. Rxe3 Bf6 22. Rd3 e5 23. Rf3 exd4 24. Rd3 Ne6 25. g4 h6 26. Nd2 Nf4 27. Rf3
Ne2+ 28. Kg2 Nxc1 29. Ne4 d3 30. Nd2 Bg5 31. Ne4 d2 32. Nxd2 Rxd2 0-1

[Event "European Blitz Championship 2021"]
[Site "Katowice"]
[Date "2021.12.17"]
[Round "4.30"]
[White "Nasuta, Grzegorz"]
[Black "Grzesik, Gracjan"]
[Result "1-0"]
[WhiteElo "2377"]
[BlackElo "2208"]
[Annotator "ChessBase"]
[PlyCount "105"]
[EventDate "2021.12.17"]
[EventType "swiss"]
[EventCountry "POL"]
[SourceTitle "playchess.com"]
[Source "ChessBase"]
[SourceQuality "1"]

1. e4 c5 2. Nf3 d6 3. Bb5+ Bd7 4. Bxd7+ Qxd7 5. c4 Nc6 6. d4 cxd4 7. Nxd4 Nf6
8. Nc3 e6 9. O-O Be7 10. b3 O-O 11. Bb2 Rfd8 12. Re1 Rac8 13. Qd2 a6 14. Nxc6
Qxc6 15. Rac1 b6 16. Qe3 Qb7 17. a4 Nd7 18. Ne2 Bf6 19. Bxf6 Nxf6 20. Nd4 e5
21. Nf5 g6 22. Ng3 b5 23. Qg5 Ne8 24. cxb5 axb5 25. a5 f6 26. Qd2 Rxc1 27. Rxc1
Ng7 28. Qd5+ Qxd5 29. exd5 b4 30. Rc6 Ra8 31. a6 Ne8 32. Ne4 Rd8 33. Kf1 f5 34.
Nd2 Nf6 35. Nc4 Nxd5 36. Rxd6 Rxd6 37. Nxd6 Nc7 38. a7 Kf8 39. Nc4 Na8 40. Nxe5
Ke7 41. Nc6+ Kd6 42. Nxb4 Kc5 43. Nd3+ Kb6 44. Ke2 Kxa7 45. Ke3 Kb6 46. Kf4 Nc7
47. Kg5 Ne6+ 48. Kh6 Nd4 49. b4 Ne6 50. Kxh7 g5 51. Kg6 f4 52. Kf5 Nd4+ 53. Ke4
1-0

[Event "European Blitz Championship 2021"]
[Site "Katowice"]
[Date "2021.12.17"]
[Round "4.30"]
[White "Janaszak, Dawid"]
[Black "Milanowski, Jan"]
[Result "0-1"]
[WhiteElo "2328"]
[BlackElo "1730"]
[Annotator "NA"]
[PlyCount "67"]
[EventDate "2021.12.17"]
[EventType "swiss"]
[EventCountry "POL"]
[SourceTitle "playchess.com"]
[Source "ChessBase"]
[SourceQuality "1"]

1. d4 Nf6 2. Bf4 g6 3. c3 Bg7 4. e3 d6 5. h3 O-O 6. Nd2 Nc6 7. Be2 e5 8. Bh2
Nd7 9. Ngf3 f5 10. O-O g5 11. dxe5 dxe5 12. Nc4 f4 13. Qd5+ Kh8 14. Rad1 Qe7
15. exf4 gxf4 16. Rfe1 Nf6 17. Qb5 a6 18. Qb3 b5 19. Na3 Be6 20. Qc2 Bxa2 21.
Bd3 Qf7 22. Ng5 Qh5 23. Ne6 Bxe6 24. Bxf4 Bxh3 25. gxh3 exf4 26. Bf5 Rae8 27.
Rxe8 Rxe8 28. Nb1 Ne5 29. Nd2 f3 30. Nf1 Qg5+ 31. Ng3 Nh5 32. Kh2 Nxg3 33. fxg3
Rf8 34. Be4 0-1

[Event "European Blitz Championship 2021"]
[Site "Katowice"]
[Date "2021.12.17"]
[Round "5.1"]
[White "Duda, Jan-Krzysztof"]
[Black "Walter, Szymon"]
[Result "1-0"]
[WhiteElo "2756"]
[BlackElo "2277"]
[Annotator "TA"]
[PlyCount "48"]
[EventDate "2021.12.17"]
[EventType "swiss"]
[EventCountry "POL"]
[SourceTitle "playchess.com"]
[Source "ChessBase"]
[SourceQuality "1"]

1. e4 c5 2. Nf3 e6 3. g3 Nc6 4. Bg2 e5 5. O-O Nf6 6. c3 Be7 7. d4 cxd4 8. cxd4
d6 9. h3 O-O 10. Nc3 Bd7 11. Be3 exd4 12. Nxd4 Nxd4 13. Bxd4 Bc6 14. Qd2 Nd7
15. Rad1 Re8 16. Kh2 Bf8 17. f4 b5 18. g4 a5 19. g5 b4 20. Nd5 Bxd5 21. exd5
Rc8 22. h4 Nc5 23. f5 Qd7 24. f6 Ne4 1-0

[Event "European Blitz Championship 2021"]
[Site "Katowice"]
[Date "2021.12.17"]
[Round "5.1"]
[White "Przybylski, Bartosz"]
[Black "Brodowski, Piotr"]
[Result "1/2-1/2"]
[WhiteElo "2068"]
[BlackElo "2335"]
[Annotator "NA"]
[PlyCount "112"]
[EventDate "2021.12.17"]
[EventType "swiss"]
[EventCountry "POL"]
[SourceTitle "playchess.com"]
[Source "ChessBase"]
[SourceQuality "1"]

1. e4 d6 2. Nf3 g6 3. Bc4 Bg7 4. O-O c6 5. Nc3 Nf6 6. d3 O-O 7. h3 b5 8. Bb3
Nbd7 9. Ne2 Nc5 10. c3 Nxb3 11. axb3 Bb7 12. b4 a6 13. Be3 Nd7 14. Qd2 c5 15.
Bh6 Qb6 16. Bxg7 Kxg7 17. Rfe1 Rac8 18. Ng3 cxb4 19. cxb4 Ne5 20. Qe2 Nxf3+ 21.
Qxf3 Qd4 22. Re2 Qxb4 23. Rae1 Qd4 24. Qg4 e6 25. Qg5 f6 26. Qg4 Rfe8 27. h4
Qe5 28. h5 Qg5 29. Qf3 d5 30. e5 f5 31. d4 Rc4 32. Qa3 Qe7 33. Qa5 Qc7 34. Qa3
Rxd4 35. b3 b4 36. Qb2 Qc3 37. Qa2 Rc8 38. Qa5 Qc5 39. Qa4 Qc6 40. Qa5 Qb5 41.
Qa2 Rd3 42. Rc2 Rdc3 43. Rce2 f4 44. Nf1 d4 45. Qd2 Qd5 46. f3 g5 47. Re4 Rd8
48. Rd1 d3 49. Qa2 Qc5+ 50. Kh2 Bxe4 51. fxe4 Qxe5 52. Qa4 Qb5 53. Qa1 e5 54.
Qb2 Qc5 55. Qd2 Rc2 56. Qe1 Qf2 1/2-1/2

[Event "European Blitz Championship 2021"]
[Site "Katowice"]
[Date "2021.12.17"]
[Round "5.2"]
[White "Janaszak, Dawid"]
[Black "Balog, Imre"]
[Result "1-0"]
[WhiteElo "2328"]
[BlackElo "2573"]
[Annotator "RC"]
[PlyCount "143"]
[EventDate "2021.12.17"]
[EventType "swiss"]
[EventCountry "POL"]
[SourceTitle "playchess.com"]
[Source "ChessBase"]
[SourceQuality "1"]

1. e4 e6 2. d4 d5 3. Bd3 c5 4. exd5 exd5 5. c3 Nc6 6. Nf3 c4 7. Bc2 Be7 8. O-O
Nf6 9. b3 cxb3 10. axb3 Bg4 11. Qd3 Bh5 12. Ne5 Nxe5 13. dxe5 Bg6 14. Qb5+ Qd7
15. Qxd7+ Nxd7 16. Bxg6 hxg6 17. Bf4 Nc5 18. Nd2 a6 19. Be3 Ne6 20. f4 Rc8 21.
Rfc1 f6 22. Nf3 Kf7 23. c4 dxc4 24. bxc4 Rhd8 25. Rab1 Rd7 26. g4 f5 27. gxf5
gxf5 28. Kf2 Rdc7 29. Nd2 Rh8 30. Kg3 Rd7 31. Rc3 g5 32. Nf3 g4 33. Ng1 Bc5 34.
Re1 Rhd8 35. Bxc5 Nxc5 36. Rc2 Rd3+ 37. Kg2 Ne6 38. Ne2 Re3 39. Kf2 Rf3+ 40.
Kg2 Rd7 41. Rb1 Re3 42. Kf2 Rf3+ 43. Kg2 Nc5 44. Rb6 Ne6 45. c5 Rc7 46. c6 bxc6
47. Rcxc6 Rxc6 48. Rxc6 Ra3 49. Rb6 Ra2 50. Kf1 Ra4 51. Rb7+ Ke8 52. Rb6 Kd7
53. Rd6+ Ke7 54. Rb6 Nxf4 55. Ng3 Ra1+ 56. Kf2 Ra2+ 57. Kf1 Nd3 58. Nxf5+ Ke8
59. e6 Ra1+ 60. Ke2 Nf4+ 61. Kf2 Nxe6 62. Rxe6+ Kf7 63. Rb6 a5 64. Kg3 a4 65.
Kxg4 a3 66. Ra6 a2 67. Ng3 Ke7 68. h4 Kf7 69. h5 Kg7 70. h6+ Kh7 71. Kh5 Rh1+
72. Nxh1 1-0

[Event "European Blitz Championship 2021"]
[Site "Katowice"]
[Date "2021.12.17"]
[Round "5.2"]
[White "Ortega Ruiz, Jose Miguel"]
[Black "Praczukowski, Stanislaw"]
[Result "1/2-1/2"]
[WhiteElo "2317"]
[BlackElo "2069"]
[Annotator "NA"]
[PlyCount "87"]
[EventDate "2021.12.17"]
[EventType "swiss"]
[EventCountry "POL"]
[SourceTitle "playchess.com"]
[Source "ChessBase"]
[SourceQuality "1"]

1. d4 Nf6 2. c4 g6 3. Nc3 d5 4. Bf4 Bg7 5. e3 O-O 6. Rc1 c5 7. dxc5 Qa5 8. cxd5
Rd8 9. Bc4 Na6 10. Nge2 Nxc5 11. O-O Nce4 12. f3 Nxc3 13. Nxc3 Nh5 14. Bg5 Qc5
15. Ne4 Qb6 16. Bxe7 Re8 17. Bc5 Qxb2 18. Rb1 Qe5 19. Bd6 Qf5 20. g4 Qd7 21.
Bb5 Qd8 22. Bxe8 Qxe8 23. gxh5 f5 24. Nf2 Qxe3 25. Bg3 f4 26. Re1 Qc5 27. Bxf4
Bd4 28. Bg3 Bf5 29. Rc1 Qb6 30. Qb3 Qf6 31. d6+ Kh8 32. Rc7 gxh5 33. Rf7 Qg6
34. Rxf5 Qxf5 35. Qe6 Qxf3 36. Be5+ Bxe5 37. Qxe5+ Kg8 38. Qg3+ Qxg3+ 39. hxg3
Rd8 40. Ne4 Kf7 41. Rd1 Ke6 42. Kf2 Ke5 43. Ke3 b6 44. Rh1 1/2-1/2

[Event "European Blitz Championship 2021"]
[Site "Katowice"]
[Date "2021.12.17"]
[Round "5.3"]
[White "Szpar, Milosz"]
[Black "Szmyd, Arkadiusz"]
[Result "1-0"]
[WhiteElo "2285"]
[BlackElo "2062"]
[Annotator "NA"]
[PlyCount "67"]
[EventDate "2021.12.17"]
[EventType "swiss"]
[EventCountry "POL"]
[SourceTitle "playchess.com"]
[Source "ChessBase"]
[SourceQuality "1"]

1. e4 c6 2. d4 d5 3. e5 c5 4. dxc5 Nc6 5. f4 Qa5+ 6. c3 Qxc5 7. b4 Qb6 8. Qxd5
Bf5 9. Bc4 e6 10. Qf3 h5 11. Be3 Qc7 12. Nd2 Nge7 13. Ne4 Bxe4 14. Qxe4 Nf5 15.
Bf2 Be7 16. Nf3 Rc8 17. Rc1 a6 18. O-O Kf8 19. Bb3 g6 20. a3 Kg7 21. Rfd1 Rcd8
22. g3 Rxd1+ 23. Rxd1 Rc8 24. Kg2 Nb8 25. c4 Nc6 26. c5 Na7 27. Rd3 Nb5 28. Ba2
a5 29. Bc4 Nxa3 30. Rxa3 axb4 31. Ra7 Bxc5 32. Rxb7 Qa5 33. Bxe6 Bxf2 34. Bxc8
1-0

[Event "European Blitz Championship 2021"]
[Site "Katowice"]
[Date "2021.12.17"]
[Round "5.3"]
[White "Lewtak, Damian"]
[Black "Sumets, Andrey"]
[Result "0-1"]
[WhiteElo "2203"]
[BlackElo "2527"]
[Annotator "RC"]
[PlyCount "154"]
[EventDate "2021.12.17"]
[EventType "swiss"]
[EventCountry "POL"]
[SourceTitle "playchess.com"]
[Source "ChessBase"]
[SourceQuality "1"]

1. c3 d5 2. d4 Nf6 3. Bf4 Bf5 4. e3 e6 5. Nd2 c5 6. Ngf3 Nc6 7. Bb5 Qb6 8. Qa4
a6 9. Bxc6+ bxc6 10. b3 Qb5 11. Qxb5 cxb5 12. a4 Rc8 13. axb5 axb5 14. Ke2 Nd7
15. Ra6 Be7 16. Rha1 f6 17. Ra7 g5 18. Bg3 h5 19. h4 g4 20. Ne1 b4 21. c4 Bd8
22. Rb7 Rh7 23. Ra6 Nf8 24. Rxh7 Bxh7 25. dxc5 Nd7 26. c6 Nc5 27. Ra7 Bf5 28.
Bd6 Rxc6 29. Bxc5 Rxc5 30. Nd3 Bxd3+ 31. Kxd3 Be7 32. Rb7 Rc8 33. e4 dxe4+ 34.
Nxe4 f5 35. Ng3 Rd8+ 36. Ke2 Bxh4 37. Nxh5 Be7 38. c5 Rc8 39. Rxb4 Rxc5 40. Rc4
Rb5 41. Rc3 Kf7 42. Ng3 Bf6 43. Rd3 Ra5 44. f3 Ra2+ 45. Rd2 gxf3+ 46. gxf3 Ra3
47. Rd3 Be5 48. Nf1 Ra1 49. Ne3 Rh1 50. Nc4 Bf4 51. Rd7+ Kf6 52. Rd8 Rb1 53.
Rd3 Kg5 54. Ne3 Rb2+ 55. Kf1 e5 56. Nc4 Rb1+ 57. Ke2 Bg3 58. Rd8 Kf4 59. Nd2
Re1+ 60. Kd3 Re3+ 61. Kc2 Be1 62. b4 Bxd2 63. Rxd2 Rxf3 64. b5 Ra3 65. b6 Ra8
66. Kc3 Rb8 67. Rb2 e4 68. b7 Ke3 69. Rb1 f4 70. Re1+ Kf3 71. Rf1+ Kg4 72. Kd4
e3 73. Ke4 Re8+ 74. Kd3 e2 75. Rg1+ Kf3 76. Rb1 Rd8+ 77. Kc2 Kf2 0-1

[Event "European Blitz Championship 2021"]
[Site "Katowice"]
[Date "2021.12.17"]
[Round "5.4"]
[White "Durarbayli, Vasif"]
[Black "Zakrzewski, Marek"]
[Result "1/2-1/2"]
[WhiteElo "2629"]
[BlackElo "2279"]
[Annotator "RC"]
[PlyCount "79"]
[EventDate "2021.12.17"]
[EventType "swiss"]
[EventCountry "POL"]
[SourceTitle "playchess.com"]
[Source "ChessBase"]
[SourceQuality "1"]

1. e4 c5 2. b3 g6 3. Bb2 Nf6 4. e5 Nd5 5. Nc3 Nxc3 6. dxc3 Bg7 7. f4 O-O 8. Qd2
d5 9. exd6 Qxd6 10. Qxd6 exd6 11. O-O-O Rd8 12. Bc4 Nc6 13. Nf3 Bg4 14. Rhf1
Bh6 15. g3 Ne7 16. Rde1 Nf5 17. Bd5 Rab8 18. c4 Bxf3 19. Rxf3 Bg7 20. g4 Bxb2+
21. Kxb2 Nd4 22. Rfe3 Kf8 23. Rh3 Re8 24. Rxe8+ Rxe8 25. Rxh7 Re2 26. Rxf7+ Ke8
27. Rxb7 Rxc2+ 28. Ka3 Rxh2 29. Rxa7 Ne2 30. Bc6+ Kf8 31. Ra8+ Kf7 32. f5 gxf5
33. gxf5 Nc3 34. b4 Rxa2+ 35. Kb3 Rxa8 36. Bxa8 cxb4 37. Kxb4 Ne2 38. Kb5 Nd4+
39. Kb6 Nxf5 40. c5 1/2-1/2

[Event "European Blitz Championship 2021"]
[Site "Katowice"]
[Date "2021.12.17"]
[Round "5.4"]
[White "Grzadka, Marcin"]
[Black "Grabarczyk, Miroslaw"]
[Result "0-1"]
[WhiteElo "2057"]
[BlackElo "2279"]
[Annotator "NA"]
[PlyCount "92"]
[EventDate "2021.12.17"]
[EventType "swiss"]
[EventCountry "POL"]
[SourceTitle "playchess.com"]
[Source "ChessBase"]
[SourceQuality "1"]

1. d4 d5 2. Bg5 c6 3. c3 Qb6 4. Qb3 Bf5 5. Nd2 Nd7 6. f3 Ngf6 7. g4 Bg6 8. Bf4
e6 9. h4 h5 10. g5 Ng8 11. e4 Ne7 12. Nh3 dxe4 13. fxe4 e5 14. Be3 exd4 15.
cxd4 Qxb3 16. axb3 a6 17. Nf4 Bh7 18. Nxh5 Bxe4 19. Nxe4 Rxh5 20. Be2 Rh7 21.
Nd6+ Kd8 22. Nxf7+ Kc8 23. Bg4 Nd5 24. Bf2 g6 25. Ne5 Rg7 26. Nxd7 Rxd7 27. h5
gxh5 28. Rxh5 Kc7 29. Bg3+ Bd6 30. Bxd6+ Rxd6 31. Kd2 Kb6 32. Rf1 Rg8 33. Rf7
Nc7 34. Rhh7 Rxd4+ 35. Kc3 Nb5+ 36. Kc2 Rxg4 37. Rxb7+ Kc5 38. Rh5 R8xg5 39.
Rxg5+ Rxg5 40. Rf7 Rg2+ 41. Kb1 Nd4 42. Ka2 Nc2 43. Rf4 a5 44. Ra4 Kb5 45. Rc4
c5 46. b4 Kxc4 0-1

[Event "European Blitz Championship 2021"]
[Site "Katowice"]
[Date "2021.12.17"]
[Round "5.5"]
[White "Niedbala, Bartlomiej"]
[Black "Motylev, Alexander"]
[Result "0-1"]
[WhiteElo "2179"]
[BlackElo "2633"]
[Annotator "RC"]
[PlyCount "54"]
[EventDate "2021.12.17"]
[EventType "swiss"]
[EventCountry "POL"]
[SourceTitle "playchess.com"]
[Source "ChessBase"]
[SourceQuality "1"]

1. e4 c6 2. d4 d5 3. e5 c5 4. Nf3 cxd4 5. Nxd4 Nc6 6. Nxc6 bxc6 7. Bd3 e6 8.
Be3 a5 9. O-O Ne7 10. Nd2 Ng6 11. f4 Be7 12. Nf3 O-O 13. Qe2 c5 14. c3 Qb6 15.
Rad1 Ba6 16. Bxa6 Qxa6 17. Qf2 Rab8 18. Kh1 a4 19. Bc1 Qc4 20. Qe3 Qxa2 21. g4
d4 22. cxd4 cxd4 23. Qe4 Rfd8 24. f5 Nf8 25. Rxd4 Rxd4 26. Nxd4 Rb4 27. Qd3
Qd5+ 0-1

[Event "European Blitz Championship 2021"]
[Site "Katowice"]
[Date "2021.12.17"]
[Round "5.5"]
[White "Woloch, Oskar"]
[Black "Ustianovich, Nazar"]
[Result "0-1"]
[WhiteElo "2053"]
[BlackElo "2278"]
[Annotator "NA"]
[PlyCount "74"]
[EventDate "2021.12.17"]
[EventType "swiss"]
[EventCountry "POL"]
[SourceTitle "playchess.com"]
[Source "ChessBase"]
[SourceQuality "1"]

1. d4 d5 2. c4 c6 3. Nf3 Nf6 4. Qc2 dxc4 5. Qxc4 Bf5 6. g3 e6 7. Bg2 Nbd7 8.
Nc3 Be7 9. O-O O-O 10. a4 a5 11. Re1 Ne4 12. Bf4 Qb6 13. Ne5 Nxe5 14. Bxe5 Nd2
15. Qa2 Nb3 16. Rad1 Bc2 17. Be4 Bxd1 18. Rxd1 Rad8 19. e3 c5 20. d5 c4 21. Nb5
exd5 22. Bc7 Qe6 23. Bxd8 Qxe4 24. Bxe7 Qxe7 25. Rxd5 Qe4 26. Rd1 h5 27. Nd6
Qf3 28. Qb1 h4 29. Nf5 h3 30. Nh4 Qg4 31. Rd5 g6 32. e4 Qe6 33. f3 Qb6+ 34. Kh1
Qf2 35. Qg1 Qxb2 36. Qf1 c3 37. Nf5 c2 0-1

[Event "European Blitz Championship 2021"]
[Site "Katowice"]
[Date "2021.12.17"]
[Round "5.6"]
[White "Stefansson, Hannes"]
[Black "Bauer, Thomas"]
[Result "1-0"]
[WhiteElo "2519"]
[BlackElo "2204"]
[Annotator "ChessBase"]
[PlyCount "74"]
[EventDate "2021.12.17"]
[EventType "swiss"]
[EventCountry "POL"]
[SourceTitle "playchess.com"]
[Source "ChessBase"]
[SourceQuality "1"]

1. e4 c5 2. Nf3 d6 3. d4 cxd4 4. Nxd4 Nf6 5. Nc3 g6 6. Be3 Bg7 7. f3 Nc6 8. Qd2
O-O 9. O-O-O d5 10. exd5 Nxd5 11. Nxc6 bxc6 12. Bd4 e5 13. Bc5 Re8 14. Ne4 Be6
15. Kb1 Qc7 16. Bc4 Red8 17. Bb3 a5 18. Qf2 a4 19. Bc4 Nc3+ 20. Nxc3 Bxc4 21.
Rxd8+ Qxd8 22. h4 e4 23. Rd1 Qb8 24. Bd4 a3 25. b3 e3 26. Qxe3 Bd5 27. Bxg7
Kxg7 28. Qd4+ Kg8 29. h5 Qh2 30. Nxd5 cxd5 31. Qxd5 Rc8 32. Qd7 Rc7 33. Qd8+
Kg7 34. Qd4+ Kg8 35. h6 f6 36. Qd8+ Kf7 37. Re1 Qxg2 1-0

[Event "European Blitz Championship 2021"]
[Site "Katowice"]
[Date "2021.12.17"]
[Round "5.6"]
[White "Kozak, Antoni"]
[Black "Zima, Teofil"]
[Result "1-0"]
[WhiteElo "2272"]
[BlackElo "2020"]
[Annotator "NA"]
[PlyCount "65"]
[EventDate "2021.12.17"]
[EventType "swiss"]
[EventCountry "POL"]
[SourceTitle "playchess.com"]
[Source "ChessBase"]
[SourceQuality "1"]

1. d4 d6 2. Nf3 Nf6 3. c4 Nbd7 4. Nc3 g6 5. e4 Bg7 6. h3 e5 7. d5 a5 8. g4 Nc5
9. Qc2 h5 10. g5 Nfd7 11. Be3 a4 12. Be2 c6 13. O-O-O Qc7 14. Nh4 O-O 15. Nf5
gxf5 16. exf5 f6 17. h4 e4 18. Bxh5 Ne5 19. Bxc5 Nd3+ 20. Kb1 Nxc5 21. Bg6 Bd7
22. Qe2 Be8 23. Qh5 Bxg6 24. fxg6 Rfd8 25. Qh7+ Kf8 26. gxf6 Qd7 27. fxg7+ Qxg7
28. Qh5 Kg8 29. Qg5 Rd7 30. h5 Rf8 31. h6 Qf6 32. Rdg1 Qxf2 33. g7 1-0

[Event "European Blitz Championship 2021"]
[Site "Katowice"]
[Date "2021.12.17"]
[Round "5.7"]
[White "Paszewski, Mateusz"]
[Black "Demchenko, Anton"]
[Result "0-1"]
[WhiteElo "2177"]
[BlackElo "2655"]
[Annotator "RC"]
[PlyCount "56"]
[EventDate "2021.12.17"]
[EventType "swiss"]
[EventCountry "POL"]
[SourceTitle "playchess.com"]
[Source "ChessBase"]
[SourceQuality "1"]

1. d4 Nf6 2. c4 g6 3. Nc3 Bg7 4. e4 d6 5. h3 Nbd7 6. Be3 e5 7. d5 Nc5 8. f3 Nh5
9. Nge2 f5 10. g4 Nf4 11. Nxf4 exf4 12. Bd4 Qh4+ 13. Ke2 Qe7 14. b4 Nd7 15.
gxf5 gxf5 16. Rg1 Ne5 17. c5 O-O 18. cxd6 cxd6 19. Rc1 fxe4 20. Nxe4 Bf5 21.
Bxe5 Qxe5 22. Rc7 Rf7 23. Qc2 Raf8 24. Rxf7 Rxf7 25. Qd3 Kh8 26. h4 Rc7 27. Rg5
Qb2+ 28. Qd2 Rc2 0-1

[Event "European Blitz Championship 2021"]
[Site "Katowice"]
[Date "2021.12.17"]
[Round "5.7"]
[White "Mirski, Michal"]
[Black "Kulon, Klaudia"]
[Result "0-1"]
[WhiteElo "2039"]
[BlackElo "2265"]
[Annotator "NA"]
[PlyCount "84"]
[EventDate "2021.12.17"]
[EventType "swiss"]
[EventCountry "POL"]
[SourceTitle "playchess.com"]
[Source "ChessBase"]
[SourceQuality "1"]

1. e4 e5 2. Nf3 Nc6 3. Bc4 Nf6 4. d3 h6 5. Nbd2 d6 6. Nf1 g6 7. Ng3 Bg7 8. O-O
O-O 9. c3 Na5 10. Bb5 a6 11. Ba4 b5 12. Bc2 c5 13. h3 Nc6 14. Be3 Qe7 15. d4
cxd4 16. cxd4 Bb7 17. d5 Nb4 18. Bb1 a5 19. Qe2 Qd7 20. a3 Na6 21. Bd3 b4 22.
Bb5 Qe7 23. Rfc1 Nc5 24. Bxc5 dxc5 25. a4 Ne8 26. Nd2 f5 27. Qc4 Nd6 28. Qxc5
Rfc8 29. Qb6 h5 30. exf5 h4 31. f6 Qxf6 32. Rxc8+ Rxc8 33. Bd7 hxg3 34. Bxc8
gxf2+ 35. Kh1 Bxc8 36. Rf1 Nf5 37. Qxf6 Ng3+ 38. Kh2 Nxf1+ 39. Nxf1 Bxf6 40.
Kg3 e4 41. b3 Bd4 42. Kf4 e3 0-1

[Event "European Blitz Championship 2021"]
[Site "Katowice"]
[Date "2021.12.17"]
[Round "5.8"]
[White "Laurusas, Tomas"]
[Black "Bjerre, Jonas"]
[Result "1-0"]
[WhiteElo "2553"]
[BlackElo "2201"]
[Annotator "ChessBase"]
[PlyCount "105"]
[EventDate "2021.12.17"]
[EventType "swiss"]
[EventCountry "POL"]
[SourceTitle "playchess.com"]
[Source "ChessBase"]
[SourceQuality "1"]

1. c4 c5 2. Nf3 Nc6 3. d4 cxd4 4. Nxd4 e5 5. Nc2 Bc5 6. Nc3 Nf6 7. g3 d6 8. Bg2
O-O 9. O-O Be6 10. b3 h6 11. Ne3 Bd4 12. Bd2 a6 13. Rc1 Rc8 14. Ned5 Bxc3 15.
Bxc3 Bxd5 16. cxd5 Ne7 17. Qd2 Qb6 18. e4 Nd7 19. Bh3 f5 20. exf5 Nf6 21. Bg2
Nxf5 22. Qd3 Ng4 23. Rc2 Nd4 24. Bxd4 exd4 25. Rxc8 Rxc8 26. Qf5 Qc5 27. Qxg4
d3 28. Qe6+ Kh8 29. Rd1 Qc2 30. Rxd3 Qb1+ 31. Bf1 Rc1 32. Qe8+ Kh7 33. Qe4+ Kh8
34. Qe8+ Kh7 35. Qe4+ Kh8 36. Kg2 Rxf1 37. Re3 Rg1+ 38. Kf3 Qd1+ 39. Kf4 Rf1
40. f3 Qa1 41. Qe8+ Kh7 42. Qe4+ Kh8 43. Qf5 Qc1 44. Qf8+ Kh7 45. Qf5+ Kh8 46.
Qf8+ Kh7 47. Qxd6 g5+ 48. Ke4 Rd1 49. Qe7+ Kg6 50. Qe6+ Kg7 51. Kf5 Qc2+ 52.
Re4 Qxh2 53. Qg6+ 1-0